000 00383nam a2200121Ia 4500
008 220216s9999 xx 000 0 und d
100 _aMorton M
245 0 _aAdvances in synthetic rubber chemistry
260 _bProceedings of the International Rubber Conference, Kuala Lumpur. V.1, 1975; p161-183
650 _aSynthetic rubber
650 _aThermoplastic elastomers
942 _cJS
999 _c53885
_d53885